ÖRNEK HAYATLAR: ELMA DERSEM DÜŞ (Kayıt no. 786965)

MARC ayrıntıları
000 -LEADER
sabit uzunluktaki kontrol alanı 00276nam a2200097Ia 4500
001 - KONTROL NUMARASI
kontrol alanı 786965
005 - EN SON İŞLEMİN TARİH VE ZAMANI
kontrol alanı 20250826170330.0
008 - SABİT-UZUNLUKTA VERİ ÖĞELERİ--GENEL BİLGİ
sabit uzunluktaki kontrol alanı 250824s9999 xx 000 0 und d
245 #0 - ESER / YAZAR
ESER ADI ÖRNEK HAYATLAR: ELMA DERSEM DÜŞ
Yazar Adı Yazar Adı Belirtilmemiş
260 ## - YAYIN, DAĞITIM, VB.
YAYIN EVİ GENÇ TİMAŞ YAYINLARI
Mevcut
Düşüm durumu Kayıp durumu Hasar Durumu Ödünç verilmez Ana kütüphane Geçerli Kütüphane Edinilen tarih Toplam ödünç verme sayısı Barkod Son görüntüleme tarihi Fiyatın geçerli olmaya başladığı tarih Koha materyal türü
        HOCACİHAN ORTAOKULU HOCACİHAN ORTAOKULU 24.08.2025   10514030 26.08.2025 26.08.2025 Kitaplar
Gemini Bilgi Teknolojileri A.Ş. tarafından düzenlenmiştir.